Business correspondence and report writing (Record no. 78993)

MARC details
000 -LEADER
fixed length control field 00827nam a2200169 a 4500
008 - FIXED-LENGTH DATA ELEMENTS--GENERAL INFORMATION
fixed length control field 120416s0000 ||||||||||||||||| || u
020 ## - INTERNATIONAL STANDARD BOOK NUMBER
International Standard Book Number 0074624032
050 ## - LIBRARY OF CONGRESS CALL NUMBER
Classification number HF 5721 Sha
100 ## - MAIN ENTRY--PERSONAL NAME
Personal name Sharma, R. C
245 10 - TITLE STATEMENT
Title Business correspondence and report writing
250 ## - EDITION STATEMENT
Edition statement 2nd ed.
260 ## - PUBLICATION, DISTRIBUTION, ETC.
Place of publication, distribution, etc. New Delhi
Name of publisher, distributor, etc. Tata McGraw-Hill
Date of publication, distribution, etc. 1994
350 ## -
-- 0.00
995 ## -
-- BINDERY (DAMAGED)
-- 0.00
-- 044606
-- CBU-MAIN LIBRARY (Kitwe)
-- 1
-- 35.00
-- HF 5721 Sha
-- DAMAGED
-- 044606
-- Main Library Open Access Collection
995 ## -
-- MAIN LIBRARY OPEN ACCESS
-- 0.00
-- 732771
-- CBU-MAIN LIBRARY (Kitwe)
-- 2
-- 35.00
-- HF 5721 Sha
-- 2
-- AVAILABLE
-- 044608
-- Main Library Open Access Collection
995 ## -
-- BINDERY (DAMAGED)
-- 0.00
-- 732772
-- CBU-MAIN LIBRARY (Kitwe)
-- 3
-- 35.00
-- HF 5721 Sha
-- 3
-- DAMAGED
-- Apr 26, 2006
-- 44605
-- Main Library Open Access Collection
999 ## -
-- 78993
-- 78993

No items available.